| 000 -LEADER |
| fixed length control field |
00667nam a22002057a 4500 |
| 001 - CONTROL NUMBER |
| control field |
8910 |
| 003 - CONTROL NUMBER IDENTIFIER |
| control field |
BD-DhUAP |
| 005 - DATE AND TIME OF LATEST TRANSACTION |
| control field |
20210127094229.0 |
| 008 - FIXED-LENGTH DATA ELEMENTS--GENERAL INFORMATION |
| fixed length control field |
200217s1935 pk ||||| |||| 00| 0 eng d |
| 040 ## - CATALOGING SOURCE |
| Original cataloging agency |
BD-DhUAP |
| Language of cataloging |
Eng |
| Transcribing agency |
BD-DhUAP |
| Modifying agency |
BD-DhUAP |
| 082 ## - DEWEY DECIMAL CLASSIFICATION NUMBER |
| Edition number |
23 |
| Classification number |
347.54051 CIV |
| 245 ## - TITLE STATEMENT |
| Title |
Civil rules and orders : |
| Remainder of title |
for the guidance of civil courts and officers subordinate to the high court at Calcutta. |
| 260 ## - PUBLICATION, DISTRIBUTION, ETC. |
| Place of publication, distribution, etc. |
Calcutta : |
| Name of publisher, distributor, etc. |
West Bengal Government Press, |
| Date of publication, distribution, etc. |
1935. |
| 300 ## - PHYSICAL DESCRIPTION |
| Extent |
parts ; |
| Dimensions |
25 cm. |
| 505 ## - FORMATTED CONTENTS NOTE |
| Formatted contents note |
P. 2-- |
| 650 ## - SUBJECT ADDED ENTRY--TOPICAL TERM |
| Topical term or geographic name entry element |
Court rules |
| Geographic subdivision |
West Bengal. |
| 650 ## - SUBJECT ADDED ENTRY--TOPICAL TERM |
| Topical term or geographic name entry element |
Civil procedure |
| Geographic subdivision |
West Bengal. |
| 710 ## - ADDED ENTRY--CORPORATE NAME |
| Corporate name or jurisdiction name as entry element |
Authority of the High Court. |
| 942 ## - ADDED ENTRY ELEMENTS (KOHA) |
| Source of classification or shelving scheme |
|
| Koha item type |
Book |